Un vistazo al pasado...para construir el futuro : (Registro nro. 10328)

Detalles MARC
000 -LIDER
fixed length control field 00895nam a22002537a 4500
001 - NÚMERO DE CONTROL
Identificador de número de control 00000809
003 - IDENTIFICACDOR DE NÚMERO DE CONTROL
control field DO-SdBNP
005 - DATE AND TIME OF LATEST TRANSACTION
control field 20180205153845.0
007 - CAMPOS FIJOS DE DESCRIPCIÓN FÍSICA
fixed length control field 00000809
008 - ELEMENTOS DE LONGITUD FIJA
fixed length control field 160609b 2011 nq ab xxu||||| |||| 00| 0 spa d
020 ## - ISBN
International Standard Book Number 97899992497913
040 ## - FUENTE DE CATALOGACIÓN
Agencia que crea de manera original el registro BPMSU
Idioma de catalogación spa
Agencia que realiza la transcripción BPMSU
092 ## - LOCALLY ASSIGNED DEWEY DECIMAL CALL NUMBER
Número de clasificación xxxxx
Número de ítem (Cutter) xxxxx
245 ## - MENCIÓN DE TITULO
Título Un vistazo al pasado...para construir el futuro :
Subtítulo Río San Juan
Mención de responsabilidad coordinador general ; Manuel Aburto Cruz ; autor, Carlos Salazar Alfaro.
260 ## - PUBLICACIÓN, DISTRIBUCIÓN, ETC. (PIE DE IMPRENTA)
Lugar de publicación, distribución, etc [Nicaragua] :
Nombre del editor, distribuidor, etc. Fondo Cultural Caruna,
Fecha de publicación, distribución, etc 2009.
300 ## - DESCRIPCIÓN FÍSICA
Materiales especificados 128 p. :
Enlace il., mapas ;
Campo enlazado y núm. de secuencia 24 cm.
500 ## - NOTA GENERAL
Nota general Incluye datos biográficos del autor en la solapa de la contracubierta.<br/>
504 ## - NOTA DE BIBLIOGRAFÍA, ETC.
Bibliography, etc Bibliografía : p. 125-128
700 1# - ASIENTO SECUNDARIO -- NOMBRE PERSONAL
Nombre personal Salazar Alfaro, Carlos
700 1# - ASIENTO SECUNDARIO -- NOMBRE PERSONAL
Nombre personal Cruz, Manuel Aburto
942 ## - ADDED ENTRY ELEMENTS (KOHA)
Source of classification or shelving scheme Dewey Decimal Classification
Koha item type Libros
945 ## - INFORMACIÓN DE PROCESAMIENTO LOCAL
Información de procesamiento local Inventariado, 2018 / BT
956 ## - LOCAL ELECTRONIC LOCATION AND ACCESS (OCLC)
Método de acceso LOPEREZ
Materiales especificados 10
Enlace 20160609
Campo enlazado y núm. de secuencia BPMSU
Nombre de host 00041
Existencias
Withdrawn status Lost status Source of classification or shelving scheme Damaged status Not for loan Collection code Home library Current library Date acquired Source of acquisition Total Checkouts Barcode Date last seen Price effective from Koha item type
    Dewey Decimal Classification     Colección General Biblioteca Pública Metropolitana Salomé Ureña Biblioteca Pública Metropolitana Salomé Ureña 06/09/2016 Biblioteca Nacional Pedro Henríquez Ureña   BPMSU16060121 06/09/2016 06/09/2016 Libros